Ochrana zákazníka na úrovni Európskej únie

Legislatívny rámec ochrany zákazníkov pred nekvalitou produktov. Legislatívny rámec tzv. Nového prístupu. Inštitucionálne zabezpečenie ochrany zákazníkov pred nekvalitou produktov. Monitorovacie informačné systémy. Solvit ako účinné riešenie problémov. Eej-net. Systém sebaochrany.

Salvato in:
Dettagli Bibliografici
Autore principale: Urdziková, Jana
Natura: Capitolo di libro
Lingua:slovacco
Soggetti:
Tags: Aggiungi Tag
Nessun Tag, puoi essere il primo ad aggiungerne!!

MARC

LEADER 00000nla$a2200000$$$4500
001 0114092
005 20220729111416.3
041 0 |a slo 
044 |a SK 
245 1 0 |a Ochrana zákazníka na úrovni Európskej únie  |c Jana Urdziková 
520 |a Legislatívny rámec ochrany zákazníkov pred nekvalitou produktov. Legislatívny rámec tzv. Nového prístupu. Inštitucionálne zabezpečenie ochrany zákazníkov pred nekvalitou produktov. Monitorovacie informačné systémy. Solvit ako účinné riešenie problémov. Eej-net. Systém sebaochrany. 
610 2 0 |a ochrana spotrebiteľa 
610 2 0 |a pohyb tovaru 
610 2 0 |a Európska únia 
610 2 0 |a legislatíva 
610 2 0 |a systémy informačné 
100 1 |a Urdziková, Jana